Open Data Biblioteca Nacional de Portugal


República Portuguesa: Ministério da Cultura
Biblioteca Nacional de Portugal

Catálogo da BNP: acesso por Identificadores Unívocos
Registos Bibliográficos associados ao registo de autoridade

Etiqueta de registo: 00000nam 2200025 450
001 1945000
003 http://id.bnportugal.gov.pt/bib/catbnp/1945000
010 ## $a978-989-20606-1
100 ## $a20161019d2015 k y0pory01030103ba
101 0# $aeng$dpor
102 ## $aPT
105 ## $aa m 000yy
106 ## $ar
200 1# $a The role of co-colonization in pneumococcal ecology and evolution$fCarina Valente$gsuper. Raquel Sá-Leão, Hermínia de Lencastre
210 #9 $aOeiras$c[s.n.],$d2015
215 ## $aXXIV, 161 p.$cil.$d25 cm
328 #1 $aTese dout. Biology (Molecular Biology), Inst. de Tecnologia Química e Biológica António Xavier, Univ. Nova de Lisboa, 2015
675 ## $a579.86(043)$vBN$zpor$31344826
675 ## $a577.3(043)$vBN$zpor$31237662
675 ## $a615.37(043)$vBN$zpor$3392457
700 #1 $aValente,$bCarina$31660253
702 #1 $aLeão,$bRaquel Sá$4727$31180635
702 #1 $aLencastre,$bHermínia Garcez de$4727$3887421
801 #0 $aPT$bBN$gRPC
966 ## $lBN$mFGMON$sS.A. 163318 V.$x1

Etiqueta de registo: 00254nam 2200025 450
001 2280039
003 http://id.bnportugal.gov.pt/bib/catbnp/2280039
100 ## $a20260313d2025 k y0pory01030103ba
101 0# $aeng$dpor
102 ## $aPT
105 ## $aa m 000yy
106 ## $ar
200 1# $aExploring cellular communication diversity for the development of novel anti-pneumococcal therapeutics$fBárbara Ferreira$gsupervisor Raquel Sá-Leão, Carina Valente, Natalia Luisa Hiller
210 #9 $aOeiras$c[s.n.],$d2025
215 ## $aXVII, 133 p.$cil.$d25 cm
300 ## $aAcesso não autorizado pelo período de 3 anos
328 #1 $aTese dout. Molecular Biosciences (Biology), Instituto de Tecnologia Química e Biológica António Xavier, Universidade Nova de Lisboa, 2025
675 ## $a577.21(043)$vBN$zpor$3486758
675 ## $a579.86(043)$vBN$zpor$31344826
700 #1 $94$aFerreira,$bBárbara$31991234
702 #1 $aLeão,$bRaquel Sá$4727$31180635
702 #1 $aValente,$bCarina$4727$31660253
702 #1 $aHiller,$bNatalia Luisa$4727$31991720
801 #0 $aPT$bBN$gRPC
966 ## $lBN$mFGMON$sS.A. 193378 V.$x1
971 ## $cssilva$d20260313
973 ## $cmlsousa$d20260326

OpendataBNP@bnportugal.pt | Mais informação sobre acesso aos dados BNP